000 01508nac a22002531u 4500
008 100915t xxu||||| |||| 00| 0 eng d
010 _a 2006045823
020 _a0132413264
082 0 0 _a621.3
_bULA
100 _aUlaby, Fawwaz T.
_919193
245 1 0 _aFundamentals of Applied Electromagnetics /
_cFawwaz T. Ulaby.
246 3 0 _aApplied electromagnetics
260 _aUpper Saddle River, N.J. :
_bPearson/Prentice Hall,
_cc2007.
300 _axvi, 464 p. :
_bill. (some col.) ;
_c25 cm.
504 _aIncludes bibliographical references (p. 457-458)and index.
650 0 _aElectromagnetism.
_919194
650 0 _aElectromagnetism
_xIndustrial applications.
_919195
942 _cBB
_k621.3ULA
_2ddc
999 _c4848
_d4848